000 00550nam a22001937a 4500
005 20250731114442.0
010 _aENG-146258
020 _a9789391772765
_c230.00
035 _aEN-129790
037 _bDBAD
082 _a658.18
_21
100 _aSuganthi, V.
_983527
245 _aBusiness Finance/
_cby V. Suganthi
250 _a1
260 _aChennai
_bForschung Publications
_c2025
270 _aMogappair
_bChennai
_k9626166683
_mforchungpublications@gmail.com
300 _a70p.
_c22cm(pb)
942 _2ddc
_cEN
_h658.18
_mSUG
999 _c212746
_d212746